00000000nam 2200000zi 4500
0019.915236
003CaOODSP
00520230608133749
006m     o  d f      
007cr |n|||||||||
008220908t20222022onca    o    f000 0 fre d
020 |a9780660453941
040 |aCaOODSP|bfre|erda|cCaOODSP
043 |an-cn---
0861 |aNR16-402/2022F-PDF
24500|aProgramme production durable de protéines : |bprogramme de soutien aux grappes.
264 1|a[Ottawa] : |bConseil national de recherches Canada = National Research Council Canada, |c[2022]
264 4|c©2022
300 |a1 ressource en ligne (2 pages non numérotées) : |billustrations en couleur
336 |atexte|btxt|2rdacontent/fre
337 |ainformatique|bc|2rdamedia/fre
338 |aressource en ligne|bcr|2rdacarrier/fre
500 |aPublié aussi en anglais sous le titre : Sustainable protein production : cluster support program.
650 6|aProtéines végétales (Aliment)|zCanada.
650 6|aProtéines végétales|xRecherche|zCanada.
7102 |aConseil national de recherches Canada, |eorganisme de publication.
77508|tSustainable protein production : |w(CaOODSP)9.915237
7760#|tProgramme production durable de protéines : |w(CaOODSP)9.923686
85640|qPDF|s449 Ko|uhttps://publications.gc.ca/collections/collection_2023/cnrc-nrc/NR16-402-2022-fra.pdf